000 00419nam a2200169Ia 4500
008 230524s9999 xx 000 0 und d
020 _a9780070669017
082 _a3.54
_bBOS
100 _aRanjan Bose
245 0 _a"Information Theory, Coding and Cryptography"
250 _a2
260 _aNew Delhi
_bMGH
_c2011
300 _a325p;
500 _aQuantity Number: 5
650 _aComputer Science
942 _cBK
999 _c53592
_d53592